[Event "Ekaterinburg Scerbin Memorial Blitz"]
[Site "Ekaterinburg"]
[Date "2024.01.12"]
[Round "2"]
[White "Zaspanov, Konstantin"]
[Black "Tsydypov, Zhamsaran"]
[Result "0-1"]
[WhiteElo "1802"]
[BlackElo "2522"]
[PlyCount "46"]
[EventDate "2024.01.12"]
[EventType "swiss (blitz)"]
[EventRounds "13"]
[EventCountry "RUS"]
[SourceTitle "CB03_2024"]
[SourceDate "2024.01.17"]
[SourceVersion "1"]
[SourceVersionDate "2024.01.17"]
[SourceQuality "1"]

1. e4 c6 2. d4 d5 3. exd5 cxd5 4. c4 Nf6 5. Nc3 Be6 6. c5 a6 7. Nf3 Bg4 8. Qa4+ Nc6 9. Ne5 Bd7 10. Nxc6 Bxc6 11. Qb3 e5 12. Be3 Ng4 13. Be2 Nxe3 14. fxe3 exd4 15. exd4 Qh4+ 16. g3 Qxd4 17. Rd1 Qxc5 18. Nxd5 0-0-0 19. Nb6+ Kc7 20. Rxd8 Qb4+ 21. Kf1 Qxb3 22. Rc8+ Kxb6 23. axb3 Bxh1 0-1

[Event "Ekaterinburg Scerbin Memorial"]
[Site "Ekaterinburg"]
[Date "2023.01.14"]
[Round "2"]
[White "Volkov, Sergey"]
[Black "Zaspanov, Konstantin"]
[Result "1-0"]
[WhiteElo "2472"]
[BlackElo "1848"]
[PlyCount "69"]
[EventDate "2023.01.14"]
[EventType "swiss (rapid)"]
[EventRounds "11"]
[EventCountry "RUS"]
[SourceTitle "CBM 212 Extra"]
[Source "ChessBase"]
[SourceDate "2023.03.31"]
[SourceVersion "1"]
[SourceVersionDate "2023.03.31"]
[SourceQuality "1"]

1. d4 Nf6 2. c4 g6 3. Nc3 d5 4. Nf3 Bg7 5. Qb3 dxc4 6. Qxc4 0-0 7. e4 b6 8. e5 Ng4 9. h3 Nh6 10. Bf4 e6 11. 0-0-0 Bb7 12. d5 exd5 13. Nxd5 Bxd5 14. Rxd5 Qc8 15. Bd3 c6 16. Rd6 Nf5 17. Bxf5 Qxf5 18. g4 Qc8 19. Rhd1 c5 20. Ng5 Qa6 21. Qd5 Qa4 22. Bd2 Na6 23. e6 Nb4 24. exf7+ Kh8 25. Bxb4 Qxb4 26. Rd2 c4 27. a3 Qa4 28. Qc6 Qb3 29. Qd5 Qa2 30. Kd1 Qb1+ 31. Ke2 h6 32. Ne6 Rfc8 33. Nxg7 Kxg7 34. Qe5+ Kh7 35. f8Q 1-0

[Event "Urals-ch"]
[Site "Cheliabinsk"]
[Date "2022.03.16"]
[Round "1"]
[White "Zaspanov, Konstantin"]
[Black "Remizov, Yaroslav"]
[Result "0-1"]
[WhiteElo "1816"]
[BlackElo "2410"]
[PlyCount "96"]
[EventDate "2022.03.16"]
[EventType "swiss"]
[EventRounds "9"]
[EventCountry "RUS"]
[SourceTitle "CBM 207 Extra"]
[Source "ChessBase"]
[SourceDate "2022.05.31"]
[SourceVersion "1"]
[SourceVersionDate "2022.05.31"]
[SourceQuality "1"]

1. e4 c5 2. c3 Nf6 3. e5 Nd5 4. d4 d6 5. Nf3 Nc6 6. Bc4 dxe5 7. dxe5 e6 8. 0-0 Be7 9. Qe2 Qc7 10. Rd1 Nb6 11. Bb3 Bd7 12. Nbd2 0-0-0 13. Nc4 Nxc4 14. Bxc4 Rdg8 15. Bg5 h6 16. Bxe7 Nxe7 17. Bb5 Bxb5 18. Qxb5 Rd8 19. Qa4 Nc6 20. b4 cxb4 21. cxb4 Kb8 22. Rac1 Rxd1+ 23. Qxd1 Rd8 24. Qe1 Rd5 25. h3 a5 26. bxa5 Qxa5 27. Qe3 Qxa2 28. Qf4 Rd7 29. Qg4 g6 30. Qf4 h5 31. Qh6 Qa3 32. Rb1 Kc7 33. Qf4 Qd3 34. Rc1 b5 35. Kh2 Kb6 36. Qh6 Qe4 37. Re1 Qc2 38. Qe3+ Qc5 39. Qe2 b4 40. Ra1 g5 41. Qa6+ Kc7 42. Qf1 g4 43. Rc1 Qd5 44. hxg4 hxg4 45. Ne1 Qxe5+ 46. g3 Rd2 47. Ng2 b3 48. Qa6 Rc2 0-1